Kiểm tra, đánh giá kết quả học tập lịch sử của học sinh tiểu học theo chuẩn kiến thức, kỹ năng /

Sparad:
Bibliografiska uppgifter
Huvudupphovsman: Đào Thị Hồng, TS.
Materialtyp: Artikel
Språk:Vietnamese
Ämnen:
Taggar: Lägg till en tagg
Inga taggar, Lägg till första taggen!
Thư viện lưu trữ: Thư viện Trường Đại học Đà Lạt
LEADER 00851nam a2200265 4500
001 DLU130152934
005 ##20130924
040 # # |a DLU  |b vie 
041 # # |a vie 
044 # # |a vn 
100 # # |a Đào Thị Hồng,   |c TS. 
245 # # |a Kiểm tra, đánh giá kết quả học tập lịch sử của học sinh tiểu học theo chuẩn kiến thức, kỹ năng /  |c Đào Thị Hồng. 
653 # # |a Chất lượng giáo dục 
653 # # |a Kiến thức 
653 # # |a Nhận thức 
773 # # |t Tạp chí Dạy và học ngày nay   |g Số 4, 2009, tr. 34-35 
920 # # |a Phòng Tạp chí -- Trung tâm Thông tin - Thư viện Trường Đại học Đà Lạt 
994 # # |a DLU 
900 # # |a True 
911 # # |a Nguyễn Thị Linh Chi 
925 # # |a G 
926 # # |a A 
927 # # |a BB 
980 # # |a Thư viện Trường Đại học Đà Lạt